000 00920cab a2200253 4500
001 ABS57521
008 090401t1997 xxu||||| |||| 00| 0 eng d
035 _a(Sirsi) u80322
041 _aeng
245 _aCreating a foundation for excellence
260 _c1997
350 _a0
490 _aFacilities Management
_v4(6) August 1997, 8-10(3)
520 _aReports on challenges that face organisations as they push towards streamlining, re-engineering and partnership with service providers. Considers facilities management and identifies a working plan for implementing quality and customer service activities.
650 _aCUSTOMER SERVICE
650 _aFACILITIES MANAGEMENT
_96240
650 _aPARTNERING
650 _aPROCESS RE-ENGINEERING
650 _aQUALITY
650 _aSTREAMLINING
690 _aMANAGEMENT-BUSINESS MANAGEMENT-PROFESSIONAL PRACTICE
942 _n0
948 _c19/08/1997
999 _c50583
_d50583